000 00973nam a2200217 a 4500
008 210331s2014 ||||||||||||||||| || u
020 _a9780495569862
050 _aPN 4129.15 Kei
100 _aKeith, William
245 1 0 _aPublic speaking : choices and responsibility
_cBy William Keith; Christian O. Lundberg
260 _aBoston
_bWadsworth Cengage Learning
_c2014
300 _axx, 310 pages: illustrations
650 0 _aORAL COMMUNICATION
650 _aPUBLIC SPEAKING
650 _aENGLISH LANGUAGE--RHETORIC
650 _aORAL COMMUNICATION--STUDY AND TEACHING
650 _aORATORY
700 _aLundberg, Christian O
995 _aMAIN LIBRARY OPEN ACCESS
_D89.67
_e7500911
_FCBU-MAIN LIBRARY (Kitwe)
_jPN 4129.15 Kei
_M2
_UAVAILABLE
_WApr 7, 2021
_y7500911
_ZMain Library Open Access Collection
995 _aMAIN LIBRARY OPEN ACCESS
_D89.67
_e750910
_FCBU-MAIN LIBRARY (Kitwe)
_jPN 4129.15 Kei
_M1
_UAVAILABLE
_WApr 7, 2021
_y750910
_ZMain Library Open Access Collection
999 _c77164
_d77164